| 000 | 00000nam##2200000za#4500 |
| 001 | 9.639013 |
| 003 | CaOODSP |
| 005 | 20210624221945 |
| 007 | cr ||||||||||| |
| 008 | 150407|2000||||xxc|||||o f|0| 0 fre|d |
| 040 | |aCaOODSP|bfre |
| 043 | |an-cn--- |
| 086 | 1 |aFA3-74/2000F-PDF |
| 110 | 1 |aCanada. |bBureau du vérificateur général. |
| 245 | 10|aManuel d'éxamen spéciale des sociétés d'état |h[ressource électronique] |
| 246 | 17|aManuel d'éxamen spécial |
| 260 | |aOttawa - Ontario : |bBureau du vérificateur général du Canada |cc2000. |
| 300 | |a140p.|bfigures, tableaux, photographies |
| 590 | |a11-13-Supp|b2011-08-04 |
| 775 | 08|tManual on special examination of Crown corporations |w(CaOODSP)9.694843 |
| 856 | 40|ahttp://publications.gc.ca|qPDF|s872 Ko|uhttps://publications.gc.ca/collections/collection_2011/bvg-oag/FA3-74-2000-fra.pdf |